[Event "X Open"]
[Site "Forli' ITA"]
[Date "1997.??.??"]
[Round "?"]
[White "Drei, Andrea"]
[Black "Lucaroni, Massimiliano"]
[Result "1-0"]
[WhiteElo "2305"]
[BlackElo "2265"]
[PlyCount "67"]
[EventDate "1997.??.??"]

1. e4 e5 2. Nf3 Nc6 3. Bb5 Nf6 4. O-O Bc5 5. c3 O-O 6. d4 Bb6 7. Bg5 h6 8. Bh4
d6 9. a4 a5 10. Bxc6 bxc6 11. Nbd2 Qe7 12. Re1 g5 13. Bg3 Bg4 14. Qc2 Nd7 15.
dxe5 dxe5 16. h3 Bh5 17. Nh2 Bg6 18. Ng4 h5 19. Ne3 h4 20. Bh2 f6 21. Nf5 Bxf5
22. exf5 Kg7 23. Ne4 Nc5 24. Nxg5 fxg5 25. Bxe5+ Kh6 26. b4 Nd7 27. Bxc7 Qg7
28. Bxb6 Nxb6 29. Re6+ Rf6 30. Rxf6+ Qxf6 31. Re1 Kg7 32. Re6 Qf7 33. Qe4 Ra7
34. Qd4+ 1-0

[Event "X Open"]
[Site "Forli' ITA"]
[Date "1997.??.??"]
[Round "?"]
[White "Palmiotto, Fiorentino"]
[Black "Caruso, Augusto"]
[Result "0-1"]
[WhiteElo "2165"]
[BlackElo "2265"]
[PlyCount "62"]
[EventDate "1997.??.??"]

1. e4 e5 2. Nf3 Nc6 3. Bc4 Nf6 4. Nc3 Bc5 5. d3 d6 6. h3 Be6 7. Bb3 Nd4 8. Na4
Bb6 9. Nxb6 axb6 10. Nxd4 exd4 11. Bxe6 fxe6 12. Bg5 O-O 13. O-O Qe8 14. Bxf6
Rxf6 15. f4 Qf7 16. Qd2 Rf8 17. g3 g5 18. f5 exf5 19. Qxg5+ Rg6 20. Qh4 f4 21.
g4 f3 22. Qg3 h5 23. g5 Qf4 24. Kh2 Qxg3+ 25. Kxg3 Rxg5+ 26. Kh4 Rg2 27. Rg1
Rf4+ 28. Kxh5 Rf7 29. Rxg2+ fxg2 30. Rg1 Rg7 31. h4 Kh7 0-1

[Event "X Open"]
[Site "Forli' ITA"]
[Date "1997.??.??"]
[Round "?"]
[White "Rossi, Carlo"]
[Black "Magalotti, Andrea"]
[Result "1-0"]
[WhiteElo "2320"]
[BlackElo "2135"]
[PlyCount "40"]
[EventDate "1997.??.??"]

1. d4 Nf6 2. Bg5 Ne4 3. Bf4 d5 4. f3 Nd6 5. Nc3 e6 6. e4 dxe4 7. fxe4 Be7 8.
Nf3 b6 9. Bd3 Bb7 10. Qe2 Nc6 11. a3 g5 12. Be3 g4 13. Ne5 h5 14. Nxc6 Bxc6 15.
d5 exd5 16. exd5 Bb7 17. Bd4 Rg8 18. O-O-O Kd7 19. Rhf1 Qf8 20. Bf5+ Nxf5 1-0

[Event "Weekend 1N"]
[Site "Cremona ITA"]
[Date "1997.11.30"]
[Round "?"]
[White "Mussap, Angelo"]
[Black "Righini, Giovanni"]
[Result "0-1"]
[WhiteElo "1861"]
[BlackElo "1800"]
[PlyCount "142"]
[EventDate "1997.11.??"]

1. e4 e6 2. d4 d5 3. e5 b6 4. c3 Qd7 5. Bd3 Ba6 6. Bxa6 Nxa6 7. Qe2 Nb8 8. f4
h5 9. Nf3 Ne7 10. Nh4 g6 11. O-O Nf5 12. Nxf5 gxf5 13. a4 a5 14. Nd2 c5 15. Nf3
c4 16. Be3 Be7 17. Kh1 b5 18. b3 cxb3 19. axb5 a4 20. Rfb1 Qb7 21. c4 dxc4 22.
Qxc4 Qe4 23. Bg1 Nd7 24. Re1 Nb6 25. Qc3 Qd5 26. Reb1 Qxb5 27. Nd2 Kd7 28. Qf3
Qd5 29. Qd3 Rhc8 30. h3 Bb4 31. Nxb3 axb3 32. Rxa8 Rxa8 33. Rxb3 Ra2 34. Qg3
Be1 35. Qf3 Qxf3 36. Rxf3 Nd5 37. g3 Rc2 38. Ra3 Rc3 39. Rxc3 Nxc3 40. Kg2 Kc6
41. Kf3 Kd5 42. g4 fxg4+ 43. hxg4 hxg4+ 44. Kxg4 Ne2 45. Bh2 Nxd4 46. Bg1 Bd2
47. Bf2 Ne2 48. f5 Kxe5 49. fxe6 fxe6 50. Kf3 Nd4+ 51. Kg2 Bf4 52. Kf1 Ke4 53.
Bh4 Kf5 54. Bf2 e5 55. Ke1 Nf3+ 56. Ke2 e4 57. Ba7 Be5 58. Bb6 Bd4 59. Ba5 Kg4
60. Bc7 Ng1+ 61. Kf1 Kf3 62. Ba5 Ne2 63. Bd2 Bc3 64. Bg5 Nf4 65. Bh4 e3 66. Kg1
e2 67. Kh2 Ng2 68. Bg3 Be1 69. Bd6 Bd2 70. Bg3 Bf4 71. Bxf4 Nxf4 0-1

[Event "I Open Novotel A"]
[Site "Genova ITA"]
[Date "1997.08.??"]
[Round "?"]
[White "Cebalo, Miso"]
[Black "Guido, Flavio"]
[Result "1-0"]
[WhiteElo "2485"]
[BlackElo "2335"]
[PlyCount "77"]
[EventDate "1997.08.10"]

1. d4 d5 2. c4 e6 3. Nf3 Nf6 4. Nc3 c6 5. Bg5 h6 6. Bxf6 Qxf6 7. e3 Nd7 8. Bd3
dxc4 9. Bxc4 g6 10. O-O Bg7 11. Qc2 O-O 12. a3 Rd8 13. Rad1 Qe7 14. Rfe1 b6 15.
e4 Bb7 16. e5 Rac8 17. h4 c5 18. d5 exd5 19. Nxd5 Bxd5 20. Rxd5 Nf8 21. Rxd8
Rxd8 22. b3 Qd7 23. a4 Qg4 24. Re4 Qd7 25. Kh2 Qd1 26. Qa2 Qd7 27. g3 Qd1 28.
Kg2 Qd7 29. Re3 Qc7 30. Qc2 Re8 31. h5 g5 32. Qf5 Re7 33. Kh3 Qd7 34. Kg4 Qxf5+
35. Kxf5 Ne6 36. Bxe6 fxe6+ 37. Kg6 Rf7 38. Nh2 Rxf2 39. Ng4 1-0

[Event "I Open Novotel A"]
[Site "Genova ITA"]
[Date "1997.08.??"]
[Round "?"]
[White "Di Paolo, Raffaele"]
[Black "Efimov, Igor"]
[Result "0-1"]
[WhiteElo "2285"]
[BlackElo "2540"]
[PlyCount "106"]
[EventDate "1997.08.10"]

1. e4 e6 2. d4 c5 3. Nf3 cxd4 4. Nxd4 a6 5. Nc3 Qc7 6. g3 Nf6 7. Bg2 Bb4 8. O-O
Bxc3 9. bxc3 d6 10. Ba3 O-O 11. e5 dxe5 12. Bxf8 Kxf8 13. Nb3 Bd7 14. Qd2 Bc6
15. Rfd1 Bxg2 16. Kxg2 Nbd7 17. Qd6+ Qxd6 18. Rxd6 Ke7 19. Rad1 Rc8 20. Na5 Nd5
21. Nxb7 Rc7 22. Rxa6 Rxb7 23. c4 Nc3 24. Re1 Rc7 25. a4 Nc5 26. Ra8 N3xa4 27.
Rxe5 Nb6 28. Rh8 Nxc4 29. Rg5 Kf6 30. Rg4 Ne5 31. Rd4 h6 32. h4 Ncd7 33. Rd2
Nb6 34. f4 Nec4 35. Rd3 Nd5 36. Kf3 Nb2 37. Rd2 Rc3+ 38. Kf2 Nc4 39. Re2 Nce3
40. Rb8 Nxc2 41. Rd2 Nce3 42. Rb1 Ng4+ 43. Kg2 Nde3+ 44. Kh3 Nf5 45. Rg1 h5 46.
Re2 Rd3 47. Ra2 Kg6 48. Re2 Nd4 49. Ra2 Nf6 50. Re1 Nd5 51. Rf1 Nf5 52. Rg2
Nfe3 53. Rf3 Nxg2 0-1

[Event "I Open Novotel A"]
[Site "Genova ITA"]
[Date "1997.08.??"]
[Round "?"]
[White "Guido, Flavio"]
[Black "Mollero, Michele"]
[Result "0-1"]
[WhiteElo "2335"]
[BlackElo "2095"]
[PlyCount "52"]
[EventDate "1997.08.10"]

1. e4 c6 2. d4 d5 3. exd5 cxd5 4. Bd3 Nc6 5. c3 Nf6 6. Bf4 Bg4 7. Qb3 Qd7 8.
Nd2 e6 9. Ngf3 Bd6 10. Bxd6 Qxd6 11. Qxb7 Rb8 12. Qa6 O-O 13. Bb5 Rb6 14. Qa4
Rfb8 15. c4 Nxd4 16. O-O Bxf3 17. Nxf3 Nxf3+ 18. gxf3 Qf4 19. Rac1 Rxb5 20.
Qxb5 Rxb5 21. cxb5 g6 22. Rc3 d4 23. Rb3 Nd5 24. Rd1 Qg5+ 25. Kh1 Nf4 26. Rg1
Qd5 0-1

[Event "I Open Novotel A"]
[Site "Genova ITA"]
[Date "1997.08.??"]
[Round "?"]
[White "Korneev, Oleg"]
[Black "Efimov, Igor"]
[Result "1-0"]
[WhiteElo "2565"]
[BlackElo "2540"]
[PlyCount "63"]
[EventDate "1997.08.10"]

1. e4 c5 2. Nf3 a6 3. Nc3 b5 4. d4 cxd4 5. Nxd4 Bb7 6. Bd3 g6 7. f4 Bg7 8. Nf3
Nf6 9. e5 Ng4 10. h3 Nh6 11. Be3 O-O 12. Qe2 Nc6 13. O-O f6 14. Rad1 fxe5 15.
fxe5 Nb4 16. Be4 Qc8 17. Bxh6 Bxh6 18. a3 Bxe4 19. Qxe4 Nc6 20. Nd5 Qd8 21. e6
d6 22. Qh4 Kg7 23. Nh2 g5 24. Qe4 Ne5 25. Rxf8 Qxf8 26. Rf1 Qc8 27. Nxe7 Qc5+
28. Kh1 Rf8 29. Nf5+ Kh8 30. Nxh6 Rxf1+ 31. Nxf1 Qf2 32. Qf5 1-0

[Event "I Open Novotel A"]
[Site "Genova ITA"]
[Date "1997.08.??"]
[Round "?"]
[White "Mastrorilli, Nicola"]
[Black "Wiley, Tom E."]
[Result "1/2-1/2"]
[WhiteElo "1905"]
[BlackElo "2240"]
[PlyCount "84"]
[EventDate "1997.08.10"]

1. d4 e6 2. e4 b6 3. Nf3 Bb7 4. Bd3 c5 5. c3 Nf6 6. Qe2 Nc6 7. d5 Nb8 8. c4
exd5 9. exd5+ Qe7 10. Qxe7+ Bxe7 11. O-O d6 12. Re1 h6 13. Nc3 a6 14. b3 Kd8
15. Bb2 Nbd7 16. Re2 Re8 17. Rae1 Bf8 18. Ne4 Nxe4 19. Rxe4 Rxe4 20. Rxe4 g6
21. h4 b5 22. Bc3 b4 23. Bb2 Bc8 24. g4 a5 25. g5 a4 26. Bb1 axb3 27. axb3 h5
28. Kg2 Be7 29. Rf4 Ke8 30. Re4 Kf8 31. Rf4 Kg8 32. Re4 Kf8 33. Rf4 Ke8 34. Re4
Nb6 35. Bf6 Ra7 36. Re1 Ba6 37. Bd3 Nc8 38. Bg7 Bb7 39. Ra1 Rxa1 40. Bxa1 Nb6
41. Nd2 Ba6 42. Bc2 Bc8 1/2-1/2

[Event "Torneo"]
[Site "La Spezia ITA"]
[Date "1997.??.??"]
[Round "?"]
[White "La Rosa, Massimo"]
[Black "Albano, Marco"]
[Result "0-1"]
[WhiteElo "2020"]
[BlackElo "2230"]
[PlyCount "44"]
[EventDate "1997.??.??"]

1. e4 c5 2. Nf3 Nc6 3. d4 cxd4 4. Nxd4 e5 5. Nf3 Nf6 6. Nc3 Bb4 7. Qd3 d5 8.
exd5 Qxd5 9. Bd2 Qxd3 10. Bxd3 Bg4 11. Ng5 h6 12. Nge4 Nxe4 13. Bxe4 O-O 14. f3
Be6 15. a3 Ba5 16. O-O-O Nd4 17. Rhe1 Rac8 18. Bxb7 Rc7 19. Ba6 Bf5 20. Rxe5
Bxc2 21. Rxa5 Bg6 22. Rb5 Ne2# 0-1

[Event "Weekend SSM B"]
[Site "Milano ITA"]
[Date "1997.??.??"]
[Round "2"]
[White "Fisauli, Francesco"]
[Black "Masotti, Roberto"]
[Result "0-1"]
[WhiteElo "1621"]
[BlackElo "1630"]
[PlyCount "74"]
[EventDate "1997.??.??"]

1. e4 e6 2. d4 d5 3. Nc3 Bb4 4. e5 Ne7 5. a3 Bxc3+ 6. bxc3 c5 7. f4 Qa5 8. Bd2
c4 9. Nf3 Nbc6 10. Be2 Bd7 11. O-O O-O-O 12. Qb1 f6 13. Qb2 Rdf8 14. h3 Nf5 15.
Kh2 fxe5 16. fxe5 h6 17. Rab1 Qc7 18. g4 Nfe7 19. Nh4 g5 20. Ng2 Ng6 21. Kg3
Ngxe5 22. dxe5 Nxe5 23. Nf4 gxf4+ 24. Bxf4 Rxf4 25. Rxf4 Ng6 26. Rbf1 Qe5 27.
Bxc4 Nxf4 28. Rxf4 Rf8 29. Qc1 dxc4 30. Qd2 Ba4 31. Qd4 Qxf4+ 32. Qxf4 Rxf4 33.
Kxf4 Kd7 34. Ke5 Bxc2 35. h4 b5 36. g5 hxg5 37. hxg5 a6 0-1

[Event "Memorial Giorgio Porreca"]
[Site "Napoli ITA"]
[Date "1997.??.??"]
[Round "?"]
[White "Castrogiovanni, Carlo"]
[Black "Esposito, Luca"]
[Result "0-1"]
[WhiteElo "2110"]
[BlackElo "2060"]
[PlyCount "62"]
[EventDate "1997.??.??"]

1. d4 Nf6 2. Nf3 d5 3. e3 e6 4. Bd3 Nbd7 5. b3 c5 6. O-O Ne4 7. Bb2 Ndf6 8. Ne5
Qb6 9. f3 Nd6 10. c4 dxc4 11. dxc5 Qxc5 12. Bd4 Qc7 13. Nxc4 Nxc4 14. Bxc4 e5
15. Bb2 Bc5 16. Qe2 O-O 17. Nc3 a6 18. a4 Bd7 19. Kh1 Bc6 20. Rac1 Rad8 21. e4
Qb6 22. f4 exf4 23. Rxf4 Be3 24. Rxf6 Bxc1 25. Bxc1 gxf6 26. Bh6 Kh8 27. Be3
Qc7 28. Bd5 Qe5 29. Qd2 Bxd5 30. exd5 Rfe8 31. Bf2 Rc8 0-1

[Event "Memorial Giorgio Porreca"]
[Site "Napoli ITA"]
[Date "1997.??.??"]
[Round "?"]
[White "Ceglio, Fulvio"]
[Black "Auletta, Angelo"]
[Result "0-1"]
[WhiteElo "1654"]
[BlackElo "2215"]
[PlyCount "60"]
[EventDate "1997.??.??"]

1. d4 Nf6 2. Nf3 g6 3. c4 Bg7 4. Nc3 d6 5. e4 O-O 6. Be2 e5 7. dxe5 dxe5 8.
Qxd8 Rxd8 9. Bg5 Re8 10. Nd5 Nxd5 11. cxd5 c6 12. Bc4 cxd5 13. Bxd5 Na6 14.
O-O-O Nc7 15. Bb3 a5 16. a3 a4 17. Ba2 Bg4 18. Rd3 Ne6 19. Be3 Rac8+ 20. Kb1
Nc5 21. Bxc5 Rxc5 22. Rc1 Rxc1+ 23. Kxc1 Rc8+ 24. Kb1 Bh6 25. Nd2 Bd1 26. Rd7
Bc2+ 27. Ka1 Bxd2 28. Bxf7+ Kf8 29. Be6 Bb3 30. Bxb3 axb3 0-1

[Event "Memorial Giorgio Porreca"]
[Site "Napoli ITA"]
[Date "1997.??.??"]
[Round "?"]
[White "Saccone, Fabio"]
[Black "D'Amore, Emanuele"]
[Result "1-0"]
[WhiteElo "2250"]
[BlackElo "2270"]
[PlyCount "63"]
[EventDate "1997.??.??"]

1. Nf3 d5 2. g3 c6 3. Bg2 Nf6 4. O-O Bf5 5. d3 e6 6. Nbd2 Bc5 7. Qe1 O-O 8. e4
Bg6 9. Nh4 Bh5 10. Kh1 Na6 11. a3 g5 12. Nhf3 Nd7 13. h4 h6 14. Nh2 gxh4 15. g4
Bg6 16. f4 f6 17. f5 exf5 18. gxf5 h3 19. Bxh3 Be8 20. Ndf3 Rf7 21. d4 Bf8 22.
e5 Rh7 23. Rg1+ Kh8 24. Bf4 Bg7 25. Qg3 Bh5 26. Nh4 fxe5 27. dxe5 Qe8 28. Rae1
Nac5 29. f6 Bxf6 30. exf6 Ne4 31. Qe3 Ndxf6 32. Bf5 1-0

[Event "Accademia Cup"]
[Site "Roma ITA"]
[Date "1997.??.??"]
[Round "?"]
[White "Andreozzi, Franco"]
[Black "Liburdi, Renzo"]
[Result "1-0"]
[WhiteElo "1555"]
[BlackElo "1510"]
[PlyCount "79"]
[EventDate "1997.??.??"]

1. e4 c5 2. Nf3 d6 3. d4 cxd4 4. Nxd4 Nf6 5. Nc3 a6 6. Be2 h6 7. f4 e5 8. Nb3
Be7 9. f5 Nc6 10. Be3 b5 11. Bf3 Bb7 12. O-O Qc7 13. Qe1 O-O-O 14. a4 b4 15.
Nd5 Nxd5 16. exd5 Nb8 17. Qxb4 Nd7 18. a5 Nc5 19. Qg4 Bf6 20. Nxc5 dxc5 21. c4
Qd6 22. Rab1 Qc7 23. b4 cxb4 24. Bb6 Qe7 25. Bxd8 Qc5+ 26. Kh1 Rxd8 27. Rb3 h5
28. Qe4 Qxa5 29. Rfb1 Kc7 30. Rxb4 Ba8 31. Bxh5 Be7 32. R4b2 f6 33. Bf3 Bc5 34.
Qg4 Bf8 35. d6+ Kxd6 36. Bxa8 Rxa8 37. Qd1+ Kc6 38. Qf3+ e4 39. Qxe4+ Kd6 40.
Rd1+ 1-0

[Event "Accademia Cup"]
[Site "Roma ITA"]
[Date "1997.??.??"]
[Round "?"]
[White "Andreozzi, Franco"]
[Black "Matano, Arturo"]
[Result "0-1"]
[WhiteElo "1555"]
[BlackElo "1672"]
[PlyCount "117"]
[EventDate "1997.??.??"]

1. e4 g6 2. d4 Bg7 3. Nf3 d6 4. h3 c6 5. c4 Nd7 6. Nc3 Qc7 7. Be3 e5 8. Be2
Ngf6 9. O-O O-O 10. Qd2 Re8 11. d5 c5 12. Bd3 a6 13. Ne1 Rf8 14. Bh6 Nh5 15.
Bxg7 Nxg7 16. Qh6 f5 17. Nf3 Nf6 18. exf5 gxf5 19. Nh2 Qf7 20. g4 Qg6 21. Qh4
e4 22. Be2 h6 23. Kh1 Qg5 24. Qg3 f4 25. Qg1 Qh4 26. f3 e3 27. Qg2 Nh7 28. Ne4
Ne8 29. Rg1 Ng5 30. Bf1 b6 31. Nxg5 hxg5 32. Qc2 Qh6 33. b4 Ra7 34. bxc5 bxc5
35. Rb1 Re7 36. Bg2 Qf6 37. Rge1 Qe5 38. Nf1 Qg7 39. Rb8 Nf6 40. Re2 Nd7 41.
Rb3 Rfe8 42. Qb1 Ne5 43. Rc3 Nxg4 44. Rb3 Nf2+ 45. Kh2 Qh6 46. Rb8 Nxh3 47.
Rxc8 Nf2+ 48. Kg1 Rxc8 49. Qf5 Rf8 50. Qb1 Rh7 51. Rxf2 exf2+ 52. Kxf2 Qf6 53.
Qc1 Qd4+ 54. Ne3 Re7 55. Bh3 Rxe3 56. Kg2 Re2+ 57. Kh1 Qb2 58. Qg1 Kg7 59.
Qxg5+ 0-1

[Event "Accademia Cup"]
[Site "Roma ITA"]
[Date "1997.??.??"]
[Round "?"]
[White "Andreozzi, Franco"]
[Black "Ridolfi, Raffaele"]
[Result "0-1"]
[WhiteElo "1555"]
[BlackElo "1660"]
[PlyCount "112"]
[EventDate "1997.??.??"]

1. e4 c6 2. d4 d5 3. e5 Bf5 4. Bd3 Bxd3 5. Qxd3 e6 6. Nf3 Qb6 7. O-O c5 8. c3
cxd4 9. cxd4 Nc6 10. a3 Nge7 11. b4 Nf5 12. Bb2 h5 13. Nbd2 Be7 14. Rac1 O-O
15. Rc2 Bxb4 16. Rxc6 bxc6 17. axb4 a5 18. Ra1 Rfb8 19. Bc3 axb4 20. Bb2 Rxa1+
21. Bxa1 Ra8 22. Nb3 Qa7 23. Qc2 Qb6 24. h3 Ne7 25. Ng5 g6 26. Qe2 Rxa1+ 27.
Nxa1 Qxd4 28. Nb3 Qc3 29. Qe3 Qxe3 30. fxe3 Nc8 31. Nf3 Kf8 32. Nfd4 Na7 33.
Nc2 f6 34. exf6 Kf7 35. Nxb4 Kxf6 36. Nc5 e5 37. Nd7+ Ke6 38. Nc5+ Kd6 39. Nb7+
Kc7 40. Na5 Kb6 41. Nb3 Kb5 42. Nd3 Kc4 43. Nbc1 e4 44. Ne5+ Kc3 45. Kf2 g5 46.
g4 hxg4 47. hxg4 c5 48. Nf7 d4 49. Ne2+ Kd3 50. exd4 cxd4 51. Nxg5 e3+ 52. Kf3
Nc6 53. Nf7 Kd2 54. Ng3 Kc2 55. Ne2 d3 56. Kxe3 d2 0-1

[Event "Accademia Cup"]
[Site "Roma ITA"]
[Date "1997.??.??"]
[Round "?"]
[White "Andreozzi, Franco"]
[Black "Righetti, Gianfranco"]
[Result "0-1"]
[WhiteElo "1555"]
[BlackElo "1594"]
[PlyCount "38"]
[EventDate "1997.??.??"]

1. e4 e5 2. f4 d5 3. exd5 e4 4. d3 Nf6 5. Nd2 exd3 6. Bxd3 Qxd5 7. Qe2+ Be7 8.
Ngf3 Nc6 9. O-O O-O 10. b3 Bc5+ 11. Kh1 Re8 12. Qd1 Ng4 13. Ne4 Be6 14. Qd2 a6
15. Neg5 Bf5 16. Bb2 Bxd3 17. cxd3 Nd4 18. Rad1 Nf5 19. h3 Ng3# 0-1

[Event "Accademia Cup"]
[Site "Roma ITA"]
[Date "1997.??.??"]
[Round "?"]
[White "Anella, Sandro"]
[Black "Laudati, Adriano"]
[Result "1/2-1/2"]
[WhiteElo "1693"]
[BlackElo "1852"]
[PlyCount "84"]
[EventDate "1997.??.??"]

1. d4 Nf6 2. e3 e6 3. Bd3 b6 4. f4 Bb7 5. Nf3 c5 6. c3 Be7 7. O-O Nc6 8. Qe2
Qc7 9. a3 d5 10. Ne5 Bd6 11. Nd2 c4 12. Bc2 O-O-O 13. Ndf3 h6 14. Bd2 Na5 15.
Be1 Ne4 16. Nd2 g5 17. Bxe4 dxe4 18. Ndxc4 Nxc4 19. Nxc4 Be7 20. Bg3 Bd5 21.
Nd2 gxf4 22. Bxf4 Bd6 23. Bxd6 Rxd6 24. c4 Bb7 25. Rac1 Kb8 26. b4 Rd7 27. b5
f5 28. c5 Bd5 29. cxb6 Qxb6 30. Rc5 Rg8 31. Nc4 Qd8 32. Ne5 Rdg7 33. g3 Kb7 34.
Rfc1 Qh4 35. Kh1 Rxg3 36. Rc7+ Ka8 37. Rc8+ Rxc8 38. Rxc8+ Kb7 39. Qc2 Rg7 40.
Qc1 Qf2 41. Rc2 Qh4 42. Rg2 Rxg2 1/2-1/2

[Event "Accademia Cup"]
[Site "Roma ITA"]
[Date "1997.??.??"]
[Round "?"]
[White "Anella, Sandro"]
[Black "Quaglia, Ferdinando"]
[Result "1-0"]
[WhiteElo "1693"]
[BlackElo "1541"]
[PlyCount "63"]
[EventDate "1997.??.??"]

1. d4 d5 2. e3 Nf6 3. Bd3 Nc6 4. f4 Bg4 5. Nf3 e6 6. c3 Ne4 7. O-O Be7 8. Bd2
O-O 9. Be1 a6 10. Nbd2 f5 11. Qc2 b5 12. a4 b4 13. c4 Na5 14. Ne5 Nxd2 15. Bxd2
dxc4 16. Bxc4 Nxc4 17. Qxc4 Qc8 18. Rac1 a5 19. d5 Bd6 20. dxe6 Bxe5 21. fxe5
Kh8 22. h3 Bh5 23. e7 Re8 24. Qxc7 Bg6 25. Qxc8 Raxc8 26. Rxc8 Rxc8 27. e4 Kg8
28. exf5 Bf7 29. e6 Be8 30. f6 gxf6 31. Bh6 Bxa4 32. Rxf6 1-0

[Event "Accademia Cup"]
[Site "Roma ITA"]
[Date "1997.??.??"]
[Round "?"]
[White "Anella, Sandro"]
[Black "Vannelli, Vittorio"]
[Result "1/2-1/2"]
[WhiteElo "1693"]
[BlackElo "1567"]
[PlyCount "95"]
[EventDate "1997.??.??"]

1. d4 d6 2. e3 c5 3. c3 cxd4 4. exd4 Nf6 5. Bd3 g6 6. Bg5 Bg7 7. Nf3 h6 8. Bh4
Nbd7 9. Nbd2 O-O 10. h3 Nh5 11. g3 Ndf6 12. Bxf6 exf6 13. Qb3 Re8+ 14. Kf1 d5
15. Kg2 b6 16. Rhe1 Rxe1 17. Rxe1 Qd7 18. Ng1 f5 19. Ngf3 b5 20. Ne5 Bxe5 21.
Rxe5 Ng7 22. f4 Bb7 23. Qd1 Re8 24. Qe2 f6 25. Rxe8+ Qxe8 26. Nb3 Qxe2+ 27.
Bxe2 Ne8 28. Nc5 Bc8 29. Bf3 Nc7 30. Kf2 Kf7 31. Ke3 Ke7 32. Kd2 Kd6 33. b4 Na8
34. Nd3 Nb6 35. Nb2 Be6 36. Be2 Nc4+ 37. Bxc4 dxc4 38. Nd1 Bd5 39. Ke3 Bg2 40.
h4 Kd5 41. Nf2 Be4 42. Nh3 Bb1 43. a3 Bd3 44. Nf2 Be4 45. g4 Bb1 46. g5 fxg5
47. fxg5 hxg5 48. hxg5 1/2-1/2

[Event "Accademia Cup"]
[Site "Roma ITA"]
[Date "1997.??.??"]
[Round "?"]
[White "Barro, Carlo"]
[Black "Gardon, Ermanno"]
[Result "0-1"]
[WhiteElo "1762"]
[BlackElo "1683"]
[PlyCount "122"]
[EventDate "1997.??.??"]

1. d4 d5 2. c4 e6 3. Nc3 Nf6 4. Nf3 c5 5. e3 Nc6 6. Be2 a6 7. a4 Bd6 8. cxd5
exd5 9. O-O O-O 10. dxc5 Bxc5 11. Nd4 Re8 12. Bf3 Ne5 13. Be2 Qd6 14. f3 Be6
15. Rf2 Rad8 16. b3 Qb6 17. a5 Qa7 18. Na4 Bf8 19. Bb2 Ned7 20. Nxe6 Rxe6 21.
Bd4 Qb8 22. Nb6 Bd6 23. f4 Bc7 24. Bd3 Nxb6 25. axb6 Bxb6 26. Bf5 Bxd4 27. Qxd4
Ree8 28. Rc1 Ne4 29. Rfc2 g6 30. Bh3 Nd6 31. g3 Nb5 32. Qf6 Qd6 33. Qxd6 Rxd6
34. Rc8 Rxc8 35. Rxc8+ Kg7 36. Kf2 Rb6 37. Bg2 Nd6 38. Rc3 Ne4+ 39. Bxe4 dxe4
40. Ke2 Rc6 41. Kd2 Rxc3 42. Kxc3 Kf6 43. g4 Ke6 44. Kc4 b6 45. h3 f5 46. gxf5+
gxf5 47. h4 h5 48. Kd4 Kd6 49. Kc4 b5+ 50. Kb4 Kd5 51. Ka5 Kc5 52. Kxa6 Kb4 53.
Kb6 Kxb3 54. Kxb5 Kc3 55. Kc5 Kd3 56. Kd5 Kxe3 57. Ke5 Kd3 58. Kxf5 e3 59. Kg6
e2 60. f5 e1=Q 61. Kxh5 Qg3 0-1

[Event "Accademia Cup"]
[Site "Roma ITA"]
[Date "1997.??.??"]
[Round "?"]
[White "Barro, Carlo"]
[Black "Marinelli, Franco"]
[Result "1/2-1/2"]
[WhiteElo "1762"]
[BlackElo "1522"]
[PlyCount "106"]
[EventDate "1997.??.??"]

1. d4 d5 2. c4 c6 3. e3 Nf6 4. Nc3 g6 5. Qc2 Bf5 6. Bd3 Bxd3 7. Qxd3 dxc4 8.
Qxc4 Nd5 9. e4 Nxc3 10. bxc3 b5 11. Qb3 e6 12. Ne2 Be7 13. O-O a6 14. Bh6 Bg5
15. Bg7 Rg8 16. Be5 Nd7 17. Rad1 Qe7 18. f4 Bf6 19. Bc7 Nb8 20. Ba5 Qb7 21. c4
Kf8 22. e5 Be7 23. c5 Kg7 24. Ng3 Qd7 25. Ne4 Qd5 26. Qxd5 cxd5 27. Nd6 Nc6 28.
Bb6 b4 29. Rf3 a5 30. a4 Bd8 31. Bxd8 Rgxd8 32. g4 Rab8 33. f5 Rf8 34. f6+ Kg8
35. h4 h6 36. Kf2 b3 37. Nb5 Rfd8 38. Rxb3 Rb7 39. Ke3 Rdb8 40. Rb2 Kf8 41.
Rdb1 Kg8 42. Kd3 Kf8 43. Kc3 Kg8 44. Nd6 Rxb2 45. Rxb2 Rxb2 46. Kxb2 Nxd4 47.
Kc3 Nc6 48. Nb5 Kf8 49. Kd3 Nxe5+ 50. Kd4 Nc6+ 51. Ke3 Kg8 52. Nd6 Kf8 53. Nb5
Kg8 1/2-1/2

[Event "Accademia Cup"]
[Site "Roma ITA"]
[Date "1997.??.??"]
[Round "?"]
[White "Barro, Carlo"]
[Black "Moroni, Marco"]
[Result "1/2-1/2"]
[WhiteElo "1762"]
[BlackElo "1785"]
[PlyCount "134"]
[EventDate "1997.??.??"]

1. d4 d5 2. c4 e5 3. dxe5 d4 4. Nf3 Nc6 5. g3 Nge7 6. Bg2 Ng6 7. O-O Be7 8. b3
Ngxe5 9. Bb2 Nxf3+ 10. Bxf3 Bh3 11. Re1 Bb4 12. Nd2 O-O 13. a3 Be7 14. Nf1 Bf6
15. Bd5 Rb8 16. Rb1 Ne7 17. Be4 c5 18. Qd3 Ng6 19. Qd1 Qc7 20. Bg2 Bxg2 21.
Kxg2 Rbd8 22. Nd2 Ne5 23. Nf3 Qc6 24. Kg1 Rfe8 25. Nxe5 Bxe5 26. Qd3 Rd6 27.
Rbd1 Rde6 28. Bc1 Bc7 29. b4 b6 30. b5 Qb7 31. a4 Qc8 32. e4 f5 33. f3 fxe4 34.
Rxe4 Qd7 35. Rde1 Qf7 36. Rxe6 Rxe6 37. Rxe6 Qxe6 38. Qe4 Qxe4 39. fxe4 Kf7 40.
Kf2 Kf6 41. Ke2 g5 42. Kd3 h5 43. Bd2 h4 44. Be1 h3 45. Bf2 Kg6 46. Ke2 Kh5 47.
Kf3 Kg6 48. Be1 Be5 49. Kg4 d3 50. Bd2 Bd4 51. Kxh3 Kf6 52. Kg4 Ke5 53. Bxg5
Kxe4 54. Bd2 Be3 55. Bc3 d2 56. Bxd2 Bxd2 57. Kh5 Kf5 58. h4 Kf6 59. g4 Kg7 60.
g5 Bc3 61. Kg4 Kf7 62. Kf5 Bd2 63. h5 Bc1 64. h6 Kg8 65. Kg6 Bd2 66. Kh5 Bc3
67. Kg6 Kh8 1/2-1/2

[Event "Accademia Cup"]
[Site "Roma ITA"]
[Date "1997.??.??"]
[Round "?"]
[White "Barro, Carlo"]
[Black "Narain, Ram Deva"]
[Result "0-1"]
[WhiteElo "1762"]
[BlackElo "1539"]
[PlyCount "103"]
[EventDate "1997.??.??"]

1. d4 g6 2. e4 Bg7 3. Nc3 d6 4. f4 c6 5. Nf3 Bg4 6. Be2 Qb6 7. Na4 Qa5+ 8. c3
b5 9. O-O bxa4 10. e5 Nh6 11. exd6 exd6 12. Nd2 Be6 13. Ne4 O-O 14. Nxd6 Nf5
15. Nb7 Qc7 16. Nc5 Re8 17. Nxa4 a5 18. g4 Nd6 19. f5 Bc4 20. Bxc4 Nxc4 21. Qd3
Nb6 22. Bf4 Qd8 23. Nc5 N8d7 24. fxg6 hxg6 25. Ne4 Nd5 26. Bg5 Qc7 27. c4 Nb4
28. Qf3 Bxd4+ 29. Kh1 Rf8 30. Nf6+ Nxf6 31. Bxf6 c5 32. Bxd4 cxd4 33. a3 Nc6
34. Rad1 Rab8 35. Rf2 Rbd8 36. h4 Ne5 37. Qf4 Qc6+ 38. Kh2 Nxc4 39. Re1 Qd5 40.
h5 g5 41. Qg3 Nd6 42. Ref1 Ne4 43. Qd3 Qe5+ 44. Kh3 Nxf2+ 45. Rxf2 Rde8 46. Qa6
Qe4 47. Kg3 Qe5+ 48. Kg2 Re6 49. Qf1 Rb6 50. Qd3 Re8 51. Qc4 Rf6 52. Rf1 0-1

[Event "Accademia Cup"]
[Site "Roma ITA"]
[Date "1997.??.??"]
[Round "?"]
[White "Bernardi, Giancarlo"]
[Black "Crucioli, Marco"]
[Result "1-0"]
[WhiteElo "1537"]
[BlackElo "1630"]
[PlyCount "63"]
[EventDate "1997.??.??"]

1. d4 Nf6 2. Bg5 e6 3. Nc3 Be7 4. Bxf6 gxf6 5. e4 b6 6. Bc4 c5 7. d5 d6 8. Qh5
O-O 9. Qg4+ Kh8 10. dxe6 Rg8 11. Qh3 fxe6 12. Bxe6 Bxe6 13. Qxe6 Rg6 14. Nd5
Nc6 15. Nxe7 Nxe7 16. O-O-O f5 17. Qc4 fxe4 18. Qxe4 Rc8 19. Nh3 Qd7 20. Rhe1
Nc6 21. Qd5 Nb4 22. Qe5+ Kg8 23. Qe7 Qf5 24. Qe4 Qf7 25. a3 Na6 26. Kb1 Nc7 27.
Nf4 Rg4 28. g3 d5 29. Rxd5 Nxd5 30. Qxd5 h6 31. Qd6 Kh7 32. Re7 1-0

[Event "Accademia Cup"]
[Site "Roma ITA"]
[Date "1997.??.??"]
[Round "?"]
[White "Bernardi, Giancarlo"]
[Black "De Blasio, Alessandro"]
[Result "0-1"]
[WhiteElo "1537"]
[BlackElo "1609"]
[PlyCount "100"]
[EventDate "1997.??.??"]

1. d4 d5 2. e4 dxe4 3. Nc3 Bf5 4. f3 Nf6 5. Bc4 e6 6. Bg5 Be7 7. Qd2 exf3 8.
Nxf3 Ne4 9. Nxe4 Bxe4 10. O-O Bxf3 11. Bxe7 Qxe7 12. Rxf3 Nd7 13. Raf1 Nf6 14.
Kh1 O-O 15. Qe1 Rad8 16. c3 c5 17. Qh4 Nd5 18. Qh5 g6 19. Qg4 f5 20. Qg3 cxd4
21. cxd4 Nb6 22. Bb3 Kh8 23. Rc3 Rxd4 24. Qe5+ Qf6 25. Qxe6 Qxe6 26. Bxe6 Re8
27. Bb3 Re2 28. Bd1 Rxb2 29. Bf3 Nd5 30. Rc8+ Kg7 31. Rd8 Rbd2 32. Rd7+ Kh6 33.
Rxb7 Ne3 34. Re1 Rc2 35. h3 f4 36. Rxa7 Rdd2 37. a4 Nxg2 38. Bxg2 Rxg2 39. Rf7
Rh2+ 40. Kg1 Rcg2+ 41. Kf1 Rf2+ 42. Kg1 Rhg2+ 43. Kh1 Rh2+ 44. Kg1 Rfg2+ 45.
Kf1 Ra2 46. Kg1 Rxh3 47. Rxf4 Kg5 48. Rfe4 h5 49. Re5+ Kh6 50. a5 Rha3 0-1